Organická analýza - praktikum /

Hlavní autor: Farková, Marta, 1961-
Korporativní autor: Masarykova univerzita. Přírodovědecká fakulta
Další autoři: Pazdera, Pavel, 1955-
Jazyk: Čeština
Vydáno: Brno : Masarykova univerzita, 2012
Vydání: Vyd. 1.
Témata:
Fyzický popis: 104 s. : il. ; 30 cm
Knihy
Uloženo v:
LEADER 01946nam a2200481 a 4500
001 nkc20122405918
003 CZ PrNK
005 20121106095957.0
007 ta
008 120928s2012 xr a e p 000 0 cze
015 |a cnb002405918 
020 |a 978-80-210-5817-0  |q (brož.) 
035 |a (OCoLC)817050496 
040 |a BOA001  |b cze 
072 7 |a 543  |x Analytická chemie  |2 Konspekt  |9 10 
072 7 |a 37.016  |x Učební osnovy. Vyučovací předměty. Učebnice  |2 Konspekt  |9 22 
080 |a 543-63  |2 MRF 
080 |a (075.8)  |2 MRF 
080 |a (076.5)  |2 MRF 
100 1 |a Farková, Marta,  |d 1961-  |7 jx20051217003  |4 aut 
245 1 0 |a Organická analýza - praktikum /  |c Marta Farková, Pavel Pazdera 
250 |a Vyd. 1. 
260 |a Brno :  |b Masarykova univerzita,  |c 2012 
300 |a 104 s. :  |b il. ;  |c 30 cm 
500 |a Nad názvem: Masarykova univerzita, Přírodovědecká fakulta 
500 |a 300 výt. 
504 |a Obsahuje bibliografii 
650 0 7 |a organická analýza  |7 ph134953  |2 czenas 
650 0 9 |a organic analysis  |2 eczenas 
655 7 |a učebnice vysokých škol  |7 fd133772  |2 czenas 
655 7 |a praktická cvičení  |7 fd133118  |2 czenas 
655 9 |a textbooks (higher)  |2 eczenas 
655 9 |a problems, exercises, etc  |2 eczenas 
700 1 |a Pazdera, Pavel,  |d 1955-  |7 ola2003201129  |4 aut 
710 2 |a Masarykova univerzita.  |b Přírodovědecká fakulta  |7 kn20010709281 
910 2 |a BOA001  |b 4-1290.978 
990 |a BK 
995 |a 01 
991 |b 201210  |c NOV  |e n  |j 543 FAR 
996 6 |b 2610525053  |c 4-1290.978  |l MZK  |r Sklad / do 1 hodiny  |n 0  |p p.v.  |w 001288932  |u 000010  |a 1  |e BOA001  |j MZK50  |s P 
996 7 |b 2610525054  |c 4-1290.978  |l MZK  |r Sklad / do 1 hodiny  |n 2  |p p.v.  |w 001288932  |u 000020  |a 1  |e BOA001  |j MZK50  |s A 
996 7 |b 2610527871  |c 4-1290.978  |l MZK  |r Sklad / do 1 hodiny  |n 1  |p kup  |w 001288932  |u 000030  |a 1  |e BOA001  |j MZK50  |s A 
996 7 |b 2610527872  |c 4-1290.978  |l MZK  |r Sklad / do 1 hodiny  |n 1  |p kup  |w 001288932  |u 000040  |a 1  |e BOA001  |j MZK50  |s A